| 000 | 00880nam a2200241Ia 4500 | ||
|---|---|---|---|
| 005 | 20250108125014.0 | ||
| 008 | 008 250107s9999 xx 000 0 hin d | ||
| 020 | _a978-81-960293-1-9 | ||
| 037 | _aTB | ||
| 040 |
_aCRL _bhin _cCRL |
||
| 041 |
_ahin _2hin |
||
| 084 | _aO15,3N431x 111R1 | ||
| 084 | _qCRL | ||
| 100 | _aसरस्वती, ओंकारानन्द, ले. | ||
| 245 | 0 |
_aगीता मानस अपरोक्षानुभूति _cसरस्वती, ओंकारानन्द, ले. |
|
| 260 |
_aबिहार, भारत _bयोग पब्लिकेशन्स ट्रस्ट _c2975 |
||
| 300 | _a65पृ0 | ||
| 365 |
_aINR _b400 |
||
| 490 | _aLo.kZ t;Urh izdk'ku 2013 | ||
| 650 | _aदर्शनशास्त्र | ||
| 942 |
_cTB _hO15,3N431x 111R1 |
||
| 999 |
_c1235363 _d1235363 |
||